000 00480nam a22001817a 4500
003 BDDh-ASL
005 20231015031102.0
008 221229s1921 u ||||| |||| 00| 0 a d
040 _aBDDh-ASL
_cBDDh-ASL
041 _aara
082 _a297
_bBUS
100 1 _aBukhari, Imam
_96899
245 1 0 _aSaḥiḥul Bukharī, Vol-1,2 : / صحيح البخاري
260 _aEgypt :
_c1921/1343 H.
300 _a835 p. :
_c28 cm.
650 0 _aHadith
_93956
942 _2ddc
_cBK
999 _c29906
_d29906